000 00717nam a2200229Ia 4500
003 GCL
008 140319s9999 xx 000 0 ara d
040 _aGCL /
_cGCL
082 0 4 _a190
_bد م
100 1 _aديبور، جى
245 1 0 _aمجتمع الفرحة: الانسان المعاصر فى مجتمع الاستعراضى /
_cديبور، جى
700 1 _aاحمد حسان
300 _a97 ص
490 _aدراسات ثقافية اجنبية
_v0
650 0 4 _aالاقتصاد
650 0 4 _aالثقافة
650 0 4 _aالفلسفة الغربية
650 0 4 _aالراسمالية
650 0 4 _aالبروليتاريا
650 0 4 _aالاقتصاد - نظريات
942 _2ddc
_cBK
999 _c37701
_d37701